Statistics for Countries, US States, Capitals, Elements, 100 Most Common Words: 4 Letters Long

Click here to take the quiz!

General Stats

  • This quiz has been taken 1,854 times
  • The average score is 42 of 67

Answer Stats

ANSWER% Correct
Utah
85%
Peru
85%
Ohio
84%
Iowa
82%
Oman
82%
Lima
82%
Iran
82%
Togo
81%
Iraq
81%
Rome
79%
Fiji
79%
Chad
78%
Laos
77%
That
77%
Gold
75%
Mali
75%
When
75%
Oslo
75%
They
75%
Them
73%
What
73%
Cuba
73%
Then
73%
Iron
72%
This
72%
Your
71%
Kiev
70%
Bern
68%
Suva
67%
Lomé
66%
Juba
65%
Zinc
65%
Riga
64%
Malé
64%
Lead
63%
Neon
63%
Doha
63%
Have
62%
Apia
61%
Dili
61%
Baku
60%
Make
57%
Like
57%
From
55%
Take
55%
Than
55%
Will
54%
Give
50%
Over
50%
Come
49%
Also
49%
Even
48%
With
48%
Just
47%
Want
46%
Know
46%
Good
46%
Some
45%
Look
44%
Most
43%
Well
42%
Year
42%
Into
41%
Time
40%
Work
35%
Back
34%
Only
33%

Score Distribution

Percentile by Number Answered

Percent of People with Each Score

Your Score History

You have not taken this quiz